Burning Issues (Record no. 65010)
[ view plain ]
| 000 -LEADER | |
|---|---|
| fixed length control field | 01237cam a2200241 4500 |
| 001 - CONTROL NUMBER | |
| control field | ABS62956 |
| 008 - FIXED-LENGTH DATA ELEMENTS--GENERAL INFORMATION | |
| fixed length control field | 000000n2000 000 0 eng u |
| 035 ## - SYSTEM CONTROL NUMBER | |
| System control number | (Sirsi) u108892 |
| 100 ## - MAIN ENTRY--PERSONAL NAME | |
| Personal name | Cooper, S. |
| 245 ## - TITLE STATEMENT | |
| Title | Burning Issues |
| 260 ## - PUBLICATION, DISTRIBUTION, ETC. | |
| Date of publication, distribution, etc. | 2000 |
| 490 ## - SERIES STATEMENT | |
| Series statement | Architects' Journal |
| Volume/sequential designation | 12(212) 5 October 2000, 46-49(4) |
| 520 ## - SUMMARY, ETC. | |
| Summary, etc. | Provides an overview of where to seek consultation on fire safety issues during the course of a construction project. Clarifies the differing responsibilities of the various consultative bodies. For instance, during the building consultation process all matters relating to compliance with the requirements of the Building Regulations should be addessed by the building control department of the local authority. Once a building is occupied responsibility for enforcing the requirements of the various pieces of fire safety legislation resides with the local fire authority. |
| 590 ## - LOCAL NOTE (RLIN) | |
| Local note | ABS |
| 650 ## - SUBJECT ADDED ENTRY--TOPICAL TERM | |
| Topical term or geographic name entry element | ARCHITECTS |
| 650 ## - SUBJECT ADDED ENTRY--TOPICAL TERM | |
| Topical term or geographic name entry element | FIRE AUTHORITIES |
| 650 ## - SUBJECT ADDED ENTRY--TOPICAL TERM | |
| Topical term or geographic name entry element | BUILDING CONTROL AUTHORITIES |
| 650 ## - SUBJECT ADDED ENTRY--TOPICAL TERM | |
| Topical term or geographic name entry element | MANAGEMENT-HEALTH AND SAFETY-FIRE SAFETY |
| 650 ## - SUBJECT ADDED ENTRY--TOPICAL TERM | |
| Topical term or geographic name entry element | BUILDING REGULATIONS |
| 9 (RLIN) | 6224 |
| 650 ## - SUBJECT ADDED ENTRY--TOPICAL TERM | |
| Topical term or geographic name entry element | CONSTRUCTION PROCESS |
| 690 ## - LOCAL SUBJECT ADDED ENTRY--TOPICAL TERM (OCLC, RLIN) | |
| Topical term or geographic name as entry element | BUILT ENVIRONMENT-BUILDING STANDARDS |
| 942 ## - ADDED ENTRY ELEMENTS (KOHA) | |
| Suppress in OPAC | 0 |
| Withdrawn status | Lost status | Source of classification or shelving scheme | Damaged status | Not for loan | Home library | Current library | Shelving location | Date acquired | Total Checkouts | Full call number | Barcode | Date last seen | Copy number | Price effective from | Koha item type |
|---|---|---|---|---|---|---|---|---|---|---|---|---|---|---|---|
| Dewey Decimal Classification | London | London | Journal article | 20/10/2000 | ABS62956 | 108892-1001 | 06/08/2019 | 1 | 06/08/2019 | Journal article |